Sophie Ellis-Bextor songs - Statistics

General Stats
  • This quiz has been taken 15 times
  • The average score is 24 of 97
Answer Stats
Album Track # Answer % Correct
Read My Lips 1 Murder on the Dancefloor
100%
Wanderlust 9 Love Is a Camera
50%
Familia 6 Come with Us
42%
Read My Lips 9 Get Over You
42%
Make a Scene 4 Heartbreak (Make Me a Dancer)(with Freemasons)
42%
Shoot From the Hip 3 I Won't Change You
42%
Shoot From the Hip 2 Mixed Up World
42%
Read My Lips 4 Move This Mountain
42%
Read My Lips 2 Take Me Home (A Girl Like Me)
42%
Wanderlust 7 13 Little Dolls
33%
Trip The Light Fantastic 1 Catch You
33%
Trip The Light Fantastic 11 China Heart
33%
Read My Lips 14 Everything Falls Into Place
33%
Singles - Groovejet (If This Ain't Love)(with Spiller)
33%
HANA 10 Hearing in Colour
33%
Shoot From the Hip 12 Hello Hello
33%
HANA (Deluxe) 14 Hypnotized (with Wuh Oh)
33%
Trip The Light Fantastic 5 If I Can't Dance
33%
Read My Lips 3 Lover
33%
Shoot From the Hip 1 Making Music
33%
Trip The Light Fantastic 2 Me and My Imagination
33%
Read My Lips 5 Music Gets the Best of Me
33%
Make a Scene 5 Not Giving Up On Love(with Armin van Buuren)
33%
Make a Scene 3 Off & On
33%
Read My Lips 6 Sparkle
33%
Wanderlust 4 The Deer & the Wolf
33%
Trip The Light Fantastic 3 Today the Sun's On Us
33%
Wanderlust 5 Young Blood
33%
Shoot From the Hip 5 Another Day
25%
Wanderlust 1 Birth of an Empire
25%
Make a Scene 2 Bittersweet
25%
HANA 2 Breaking the Circle
25%
Make a Scene 6 Can't Fight This Feeling(with Junior Caldera)
25%
Trip The Light Fantastic 13 Can't Have It All
25%
Familia 2 Death of Love
25%
HANA 4 Everything Is Sweet
25%
Shoot From the Hip 11 I Am Not Good At Not GettingWhat I Want
25%
Trip The Light Fantastic 7 If You Go
25%
Read My Lips 11 Is It Any Wonder
25%
Read My Lips 12 Leave The Others Alone
25%
HANA 5 Lost in the Sunshine
25%
Shoot From the Hip 7 Love It Is Love
25%
Make a Scene 9 Make a Scene
25%
Trip The Light Fantastic 4 New York City Lights
25%
Shoot From the Hip 6 Party In My Head
25%
Shoot From the Hip 13 Physical
25%
Wanderlust 3 Runaway Daydreamer
25%
Trip The Light Fantastic 14 Supersonic
25%
Shoot From the Hip 9 The Walls Keep Saying Your Name
25%
HANA 3 Until the Wheels Fall Off
25%
Familia 1 Wild Forever
25%
HANA 1 A Thousand Orchids
17%
HANA 7 Beyond the Universe
17%
HANA (Deluxe) 13 Blossom of the Night
17%
HANA 11 Broken Toy
17%
Read My Lips 10 By Chance
17%
Familia 7 Cassandra
17%
Singles - Circles (Just My Good Time)(Busface ft. Mademoiselle EB)
17%
Familia 3 Crystallise
17%
Wanderlust 10 Cry to the Beat of the Band
17%
Make a Scene 14 Cut Straight to the Heart
17%
Singles - Deep in Vogue(Rhyme So ft. Sophie Ellis-Bextor)
17%
Familia 11 Don't Shy Away
17%
Singles - F*ck With You(Bob Sinclair ft. Sophie Ellis-Bextor and Gilbere Forte)
17%
Read My Lips 13 Final Move
17%
Make a Scene 12 Homewrecker
17%
Familia 4 Hush Little Voices
17%
Read My Lips 8 I Believe
17%
Wanderlust 6 Interlude
17%
Shoot From the Hip 10 I Won't Dance With You
17%
Trip The Light Fantastic 9 Love is Here
17%
Make a Scene 10 Magic
17%
Trip The Light Fantastic 10 New Flame
17%
Shoot From the Hip 4 Nowhere Without You
17%
Trip The Light Fantastic 8 Only One
17%
HANA 9 Reflections
17%
Make a Scene 1 Revolution
17%
Make a Scene 7 Starlight
17%
Make a Scene 13 Synchronized
17%
Trip The Light Fantastic 6 The Distance Between Us
17%
Read My Lips 7 The Universe is You
17%
HANA 6 Tokyo
17%
Make a Scene 8 Under Your Touch
17%
Familia 9 Unrequited
17%
Wanderlust 2 Until the Stars Collide
17%
HANA 12 We've Been Watching You
17%
Trip The Light Fantastic 12 What Have We Started?
17%
Wanderlust 11 When the Storm Has Blown Over
17%
Wanderlust 8 Wrong Side of the Sun
17%
Shoot From the Hip 8 You Get Yours
17%
Make a Scene 11 Dial My Number
8%
Familia 5 Here Comes the Rapture
8%
HANA 8 He's a Dreamer
8%
Singles - Love Is You
8%
Familia 8 My Puppet Heart
8%
Familia 10 The Saddest Happiness
8%
Singles - Crying at the Discotheque
0%
No matching quizzes found
Score Distribution
Percent of People with Each Score
Percentile by Number Answered
Your Score History
You have not taken this quiz